| 000 | 01025nam a2200253 a 4500 | ||
|---|---|---|---|
| 005 | 20250924063909.0 | ||
| 008 | 160811s2012 mx r 000 0 spa d | ||
| 020 | _a9786074015690 | ||
| 035 | _aUPN01000212235 | ||
| 049 | _aCG | ||
| 050 | 4 |
_aLB2395.7 _bZ8.2 |
|
| 100 | 1 |
_aZubieta García, Judith _939396 |
|
| 245 | 1 | 0 |
_aAceptación de las TIC en la docencia : _buna tipología de los académicos de la UNAM / _cJudith Zubieta García, Tomás Bautista Godínez, Álvaro Quijano Solís. |
| 260 |
_aMéxico : _bUNAM : _bMiguel Angel Porrúa, _c2012. |
||
| 300 |
_a169 p. : _bil., gráfs., cuadros |
||
| 440 | 0 |
_aProblemas educativos de México. _pEducación |
|
| 650 | 4 |
_aEducación superior _xEfecto de las innovaciones tecnológicas _98200 |
|
| 650 | 4 |
_aTecnologías de la información y comunicación _921219 |
|
| 610 | 2 | 4 |
_aUNIVERSIDAD NACIONAL AUTONOMA DE MEXICO - _xPROFESORADO _91501 |
| 700 | 1 |
_aBautista Godínez, Tomás, _ecoaut. |
|
| 700 | 1 |
_aQuijano Solís, Alvaro, _ecoaut. |
|
| 905 | _aLibro | ||
| 999 |
_c184335 _d184335 |
||